000 00358 a2200157 4500
001 59604
020 _a9783125570030
040 _cAnchieta - Pituba
100 _aWagner, Andrea Maria
240 1 0 _aUnheimliches im wald
_lpor
245 1 0 _aUnheimliches im wald
300 _a32
362 0 _a2009
650 4 _aLiteratura juvenil em alemão
942 _cBK
999 _c59604
_d59604